| 000 | 00553nam a2200169Ia 4500 | ||
|---|---|---|---|
| 008 | 140529s9999 xx 000 0 und d | ||
| 020 | _a9781557048158 | ||
| 050 |
_aE 185.97.K5 _b.W924 1983 |
||
| 245 | 4 |
_aThe words of Martin Luther King, Jr. / _cselected by Coretta Scott King |
|
| 260 |
_aNew York : _bNewmarket Press, _cc1983. |
||
| 300 |
_a122 p. : _bill. ; _c21 cm. |
||
| 500 | _aIncludes bibliographical references. | ||
| 521 | _aGE | ||
| 650 |
_aUnited States _xRace relations --Quotations, maxims, etc. |
||
| 942 |
_kFOR _cBK |
||
| 999 |
_c117864 _d117864 |
||